Pruebas Mecánicas y Propiedades de los Metales

Bibliographic Details
Main Author: Zolotorevski, V
Format: Section = Libro
Language:Undetermined
Spanish
Published: Moscú Mir Moscú 1976
Subjects:
LEADER 00516nam a2200193Ia 4500
008 241007s9999||||xx |||||||||||||| ||und||
040 |a BIBLIOTECA-RURC/ 620.112 Z86 
041 |a spa 
082 |a 620.112 Z86 
100 1 |a Zolotorevski, V 
245 1 0 |a Pruebas Mecánicas y Propiedades de los Metales 
260 |a Moscú  |b Mir Moscú  |c 1976 
300 |a 318 p. :il. 
650 7 |a METALES-PRUEBAS 
650 7 |b  MATERIALES-PROPIEDADES 
650 7 |c  ENSAYOS DE DUREZA. 
942 |c BK  |2 ddc 
991 |a TEXTO 
999 |c 14447